|
|
|
|
| LEADER |
00000cam a2200000 7i4500 |
| 001 |
0000008121 |
| 002 |
000008860 |
| 005 |
20000330.0 |
| 020 |
|
|
|a 9679747549
|
| 090 |
0 |
0 |
|a JF
|b BLY
|
| 100 |
1 |
|
|a Blyton, Enid
|
| 245 |
1 |
0 |
|a Rahsia kota sarang
|c Enid Blyton ; illustrasi oleh Liza Fadly
|
| 260 |
|
|
|a Kuala Lummpur :
|b Penerbitan Fargoes Sdn. Bhd. ,
|c 1995
|
| 300 |
|
|
|a 128 p. ;
|c 12 cm.
|
| 490 |
0 |
|
|a Siri misteri
|
| 650 |
0 |
0 |
|a Adventures and detective stories
|
| 700 |
1 |
|
|a Liza Fadly ,
|e illustrasi
|
| 999 |
|
|
|a 047413
|b BUKU
|c PINJAMAN
|e PERPUSTAKAAN KOMUNITI CAW KOTA DAMANSARA
|
| 999 |
|
|
|a 048664
|b BUKU
|c PINJAMAN
|e PERPUSTAKAAN KOMUNITI PETALING JAYA
|
| 999 |
|
|
|a 048665
|b BUKU
|c PINJAMAN
|e PERPUSTAKAAN KOMUNITI PETALING JAYA
|